| 000 | 00000nam 2200000za 4500 |
| 001 | 9.838894 |
| 003 | CaOODSP |
| 005 | 20221107151502 |
| 007 | cr ||||||||||| |
| 008 | 170626s1984 oncb #o f000 0 fre d |
| 040 | |aCaOODSP|bfre |
| 043 | |an-cn---|ar------ |
| 086 | 1 |aR74-34/1984F-PDF |
| 245 | 03|aLa revendication de l'Arctique de l'ouest |h[ressource électronique] : |bconvention définitive des Inuvialuit. |
| 246 | 10|aConvention définitive des Inuvialuit |
| 260 | |aOttawa : |bAffaires indiennes et du Nord Canada, |cc1984. |
| 300 | |a124, [1] p. : |bcartes |
| 500 | |aPublié aussi en anglais sous le titre: The western Arctic claim : the Inuvialuit Final Agreement. |
| 500 | |aÉdition numérisée de l’imprimé [par Affaires autochtones et du Nord Canada]. |
| 520 | |a« La conclusion de la Convention reflète respectivement les objectifs, formulés par les Inuvialuit et reconnus par le Canada, suivants : a) sauvegarder l'identité culturelle et les valeurs des Inuvialuit au sein d'une société nordique en voie d'évolution; b) permettre aux Inuvialuit d’être des participants à part entière de la société ainsi que de l’économie nordique et nationale; c) protéger et préserver la faune, l’environnement et la productivité biologique de l’Arctique. » -- Principes. |
| 692 | 07|2gccst|aInuit |
| 692 | 07|2gccst|aArctique |
| 692 | 07|2gccst|aAccord |
| 710 | 1 |aCanada. |bAffaires indiennes et du Nord Canada. |
| 775 | 08|tThe western Arctic claim |w(CaOODSP)9.838893 |
| 856 | 40|qPDF|s9.74 Mo|uhttps://publications.gc.ca/collections/collection_2017/aanc-inac/R74-34-1984-fra.pdf |
| 986 | |aQS-5201-001-FF-A2 |